| 000 | 00000nas##2200000za#4500 |
| 001 | 9.503348 |
| 003 | CaOODSP |
| 005 | 20200325093014 |
| 007 | cr ||||||||||| |
| 008 | 150406c1998||||xxc|| p o||||f| |0fre|d |
| 022 | |a1494-2399 |
| 040 | |aCaOODSP|bfre |
| 043 | |an-cn--- |
| 086 | 1 |aR32-192F-PDF |
| 110 | 1 |aCanada.|bAffaires indiennes et du Nord. |
| 245 | 10|aRassembler nos forces, le plan d'action du Canada pour les questions autochtones, rapport d'étape |h[ressource électronique] |
| 260 | |aOttawa - Ontario : |bAffaires indiennes et du Nord |
| 310 | |aAnnuel |
| 362 | 1 |a1998-[2000] |
| 775 | 08|tGathering strength, Canada's Aboriginal action plan, a progress report |w(CaOODSP)9.506953 |